Tous les joueurs d'Angers SCO (2015-) - Statistiques

Statistiques générales
  • Ce quiz a été pris 168 fois
    55 depuis la dernière actualisation
  • Le résultat moyen est 77 sur 157
Statistiques - réponses
Poste Période Matchs Nationalités Joueurs % Correct
D 2017- 185 Côte d'Ivoire Abdoulaye Bamba
100%
M 2022-2026 119 Algérie Himad Abdelli
100%
A 2017 21 France Jonathan Bamba
100%
M 2015- 320 France Pierrick Capelle
100%
A 2023-2026 36 France Sidiki Chérif
100%
M 2014-2016 46 Guinée Abdoul Razzagui Camara
92%
G 2010-2018 63 France Alexandre Letellier
92%
D 2015-2022 228 Côte d'Ivoire Ismaël Traoré
92%
D 2023- 108 Mauritanie Jordan Lefort
92%
D 2014-2016 13 Mali Kalifa Traoré
92%
A 2016-2018 72 Cameroun Karl Toko-Ekambi
92%
G 2014-2016 ; 2018-2021 141 France Ludovic Butelle
92%
D 2022- 50 Mali Ousmane Camara
92%
A 2025- 30 France Prosper Peter
92%
D 2013-2022 318 France Romain Thomas
92%
A 2012-2015 ; 2020-2023 112 Maroc Sofiane Boufal
92%
D 2008-2022 389 France Vincent Manceau
92%
D 2024- 56 Haïti Carlens Arcus
85%
A 2018-2025 140 Algérie Farid El-Melali
85%
G 2025- 26 Burkina Faso Hervé Koffi
85%
M 2018-2019 47 France Jeff Reine-Adélaïde
85%
A 2014-2017 49 Côte d'Ivoire Nicolas Pépé
85%
M 2015-2022 257 France Thomas Mangani
85%
G 2022-2025 77 Côte d'Ivoire Yahia Fofana
85%
M 2021-2023 48 Maroc Azzedine Ounahi
77%
M 2016-2020 149 France Baptiste Santamaria
77%
A 2008-2016 269 France Charles Diers
77%
D 2023- 86 France Florent Hanin
77%
M 2024- 54 Algérie Haris Belkebla
77%
D 2016-2021 107 Croatie Mateo Pavlovic
77%
A 2015-2018 59 Laos Billy Ketkeophomphone
69%
D 2022-2025 76 Bénin Cédric Hountondji
69%
M 2015-2017 ; 2018-2019 104 Sénégal Cheikh Ndoye
69%
A 2016-2019 87 France Flavien Tait
69%
D 2022- 110 France Lilian Raolisoa
69%
G 2023- 13 France Melvin Zinga
69%
M 2022-2023 51 Algérie Nabil Bentaleb
69%
G 2020-2023 82 France Paul Bernardoni
69%
M 2023- 70 Maroc Yassin Belkhdim
69%
A 2025- 24 Maroc Amine Sbaï
62%
G 2016-2022 11 Algérie Anthony Mandrea
62%
D 2024- 25 France Emmanuel Biumla
62%
A 2024-2025 50 France Estéban Lepaul
62%
D 2024- 50 Gabon Jacques Ekomié
62%
A 2020-2025 87 France Loïs Diony
62%
M 2023- 30 France Marius Courcoul
62%
M 2019-2022 82 Portugal Mathias Pereira Lage
62%
M 2007-2016 277 France Olivier Auriac
62%
A 2019-2021 32 Maroc Rachid Alioui
62%
A 2018-2022 120 Cameroun Stéphane Bahoken
62%
M 2017-2022 160 France Angelo Fulgini
54%
A 2018-2019 20 Espagne Cristian Lopez
54%
G 2019-2022 21 Monténégro Danijel Petkovic
54%
G 2016-2017 13 Slovénie Denis Petric
54%
A 2009-2013 ; 2015-2019 145 Congo Férébory Doré
54%
A 2015-2018 85 Togo Gilles Sunu
54%
M 2014-2016 18 Cameroun Guy Ngosso
54%
D 2022-2025 19 Bosnie-Herzégovine Halid Sabanovic
54%
M 2025- 31 France Louis Mouton
54%
D 2022-2023 26 Slovénie Miha Blazic
54%
A 2020-2022 55 France Mohamed-Ali Cho
54%
G 2025- 4 Mali Oumar Pona
54%
D 2018-2020 23 Algérie Rayan Ait-Nouri
54%
M 2015-2016 37 Maroc Romain Saïss
54%
A 2019-2023 88 Sénégal Sada Thioub
54%
D 2022-2024 68 Tunisie Yan Valery
54%
D 2015-2019 74 France Yoann Andreu
54%
A 2023-2025 55 Algérie Zinédine Ferhat
54%
A 2022-2025 64 France Adrien Hunou
46%
A 2024-2025 20 Sénégal Bamba Dieng
46%
M 2021-2022 9 Algérie Billal Brahimi
46%
M 2011-2016 98 Argentine Diego Gomez
46%
A 2017-2018 17 France Enzo Crivelli
46%
A 2026- 9 République Centrafricaine Goduine Koyalipou
46%
A 2023-2025 76 Sénégal Ibrahima Niane
46%
D 2022-2023 6 Algérie Ilyes Chetti
46%
A 2023-2024 32 France Jean-Mattéo Bahoya
46%
A 2024-2026 37 Gabon Jim Allevinah
46%
M 2020-2022 47 France Jimmy Cabot
46%
A 2014-2015 30 Cote d'Ivoire Jonathan Kodjia
46%
A 2025- 22 France Lanroy Machine
46%
D 2017-2019 5 Sénégal Saliou Ciss
46%
M 2019-2023 50 France Antonin Bobichon
38%
A 2017-2020 19 Belgique Baptiste Guillaume
38%
M 2026- 11 Pays-Bas Branco Van Den Bommen
38%
A 2019-2022 35 Tchad Casimir Ninga
38%
D 2020-2022 34 Cameroun Enzo Ebosse
38%
D 2023 8 Algérie Faouzi Ghoulam
38%
A 2025- 15 Cameroun Harouna Djibirin
38%
M 2018-2019 9 RD Congo Harrison Manzala
38%
M 2013-2016 55 Mali Ismaël Keita
38%
M 2023-2024 25 Sénégal Joseph Lopy
38%
A 2023-2026 29 France Justin Kalumba
38%
A 2022-2024 11 Croatie Marin Jakolis
38%
D 2025- 7 France Marius Louër
38%
A 2013-2014 ; 2016 55 Guinée Mohamed Yattara
38%
M 2009-2010 ; 2018 46 Congo Prince Oniangué
38%
A 2014-2015 30 France Sacha Clémence
38%
A 2016 13 Algérie Saïd Benrahma
38%
D 2020-2023 87 Côte d'Ivoire Souleyman Doumbia
38%
D 2019-2020 17 France Théo Pellenard
38%
A 2017-2021 9 Côte d'Ivoire Thomas Touré
38%
A 2017-2018 1 Algérie Youcef Belaïli
38%
G 2018-2019 3 France Zacharie Boucher
38%
A 2022-2023 37 Sénégal Abdallah Sima
31%
M 2016-2017 1 Tunisie Aïssa Laïdouni
31%
A 2022-2023 28 France Amine Salama
31%
D 2012-2016 106 Congo Arnold Bouka Moutou
31%
M 2021-2023 76 France Batista Mendy
31%
A 2016-2017 36 Sénégal Farama Diedhiou
31%
A 2015-2018 13 Suisse Goran Karanovic
31%
D 2016-2017 15 France Grégory Bourillon
31%
D 2018-2020 2 France Ibrahim Cissé
31%
M 2024-2025 29 Côte d'Ivoire Jean-Eudes Aholou
31%
D 2015 15 Haïti Jean-Jacques Pierre
31%
A 2012-2016 28 Cameroun Jean-Pierre Nsame
31%
A 2013-2015 51 France Jérémy Blayac
31%
M 2012-2016 37 Brésil Jonas-Henrique Pessalli
31%
M 2017-2018 ; 2020-2021 54 Mali Lassana Coulibaly
31%
M 2015-2016 3 France Mathias Serin
31%
G 2016-2018 33 France Mathieu Michel
31%
M 2016-2018 17 Algérie Mehdi Tahrat
31%
M 2021-2023 22 France Waniss Taïbi
31%
M 2014-2016 33 France Yohann Eudeline
31%
M 2020-2025 46 France Zinédine Ould Khaled
31%
D 2025- 4 Mali Dan Sinaté
23%
A 2016-2017 9 Nigeria Dickson Nwakaeme
23%
M 2018-2019 1 Madagascar Dorian Bertrand
23%
D 2013-2016 80 France Gaël Angoula
23%
D 2012-2016 34 Guinée Ibrahima Diallo
23%
M 2020-2023 36 France Ibrahim Amadou
23%
D 2017 15 Sénégal Issa Cissokho
23%
M 2016-2017 7 Tunisie Jamel Saihi
23%
A 2017 17 France Kevin Bérigaud
23%
D 2021-2022 1 Togo Kevin Boma
23%
M 2017-2019 11 France Loïc Puyo
23%
A 2020-2022 5 France Noah Fatar
23%
D 2016-2017 13 France Pablo Martinez
23%
D 2019-2021 2 Sénégal Pape Djibril Diaw
23%
A 2015-2016 15 France Slimane Sissoko
23%
M 2018-2020 20 France Vincent Pajot
23%
A 2017-2020 34 Côte d'Ivoire Wilfried Kanga
23%
A 2016-2018 2 RD Congo Yoane Wissa
23%
A 2021- 2 Côte d'Ivoire Guédé Nadje
15%
M 2011-2015 2 Maroc Hamza Hafidi
15%
A 2021-2023 3 France Jason Mbock
15%
D 2018-2021 1 France Kevin Mouanga
15%
A 2013-2015 63 Tunisie Khaled Ayari
15%
D 2014-2015 15 France Loïc Guillon
15%
M 2014-2016 17 Tunisie Mohamed Slim Ben Othman
15%
M 2011-2015 112 Maroc Rayan Frikeche
15%
A 2021 1 France Yassin Fortuné
15%
M 2015 19 France Alex Ngando
8%
A 2024- 2 France Amine Moussaoui
8%
M 2025 2 France Enzo Caumont
8%
D 2012-2015 37 Madagascar Fabien Boyer
8%
D 2011-2015 11 France Pierre-Etienne Lemaire
8%
Aucun quiz correspondant
Distribution des résultats
% des personnes avec chaque résultat
Percentile par nombre de réponses
Votre historique - résultats
Vous n’avez pas pris ce quiz depuis la dernière actualisation